000 01269naa a22003497a 4500
001 BR8305608
003 BR-BrBNA
005 20240918175351.0
007 ta
008 230509b bl.||||| |||| 00| 0 por d
040 _aBR-BrBNA
_bpor
_cBiblioteca Nacional de Agricultura
041 _a(Pt)
072 _aF27; F28; H60
_b3876
_bG514
090 _aF27 BR8305608
100 1 _aMiranda, L.C.F. de
111 1 _a2. Encontro Nacional de Plantio Direto
_cPonta Grossa, PR (Brazil)
_d3 Feb 1983
245 1 _aNossa experiencia em plantio direto [rotacao de cultura, mecanizacao agricola, herbicida, Parana, Brasil]
260 3 _aPonta Grossa, PR (Brasil):
_c1983.
500 _aAnais do 2. Encontro Nacional de Plantio Direto Ponta Grossa, PR (Brasil): 1983. p. 160-179 (BR8305608-AM)F27
650 _aHERBICIDA
650 _aPLANTIO DIRETO
650 _aCULTURA DE INVERNO
650 _aCULTURA DE VERAO
650 _aROTACAO DE CULTURA
650 _aMECANIZACAO AGRICOLA
650 _aCONSERVACAO DO SOLO
650 _aFERTILIDADE DO SOLO
650 _aPARANA
773 0 _tAnais do 2. Encontro Nacional de Plantio Direto
_wF27 BR8305608
_gPonta Grossa, PR (Brasil), 1983. p. 160-179
909 _a202404
_bLucia
_c55
_dLucia Elande
942 _cAM
_2AGRIS
999 _c316348
_d316348